000 00458nam a2200169Ia 4500
003 GCL
008 140319s9999 xx 000 0 ara d
040 _aGCL /
_cGCL
082 0 4 _a912
_bم ا
245 1 0 _aاطلس العالم: اطلس جغرافى مصور
300 _a344 ص ؛
_c30سم
650 0 4 _aالخرائط
650 0 4 _aالاطالس
650 0 4 _aالاطالس التاريخية
650 0 4 _aاطلس العالم
942 _2ddc
_cBK
999 _c52040
_d52040